| 000 | 00423nam a2200157Ia 4500 | ||
|---|---|---|---|
| 008 | 230312s9999||||xx |||||||||||||| ||und|| | ||
| 020 | _a81-203-3647-6 | ||
| 082 |
_a621.312 _bDES-E |
||
| 100 | _aDeshpande;M.V | ||
| 245 | 0 | _aElements of Electrical Power Station Design | |
| 260 |
_bPHI _aIndia _c2011 |
||
| 300 | _a438 | ||
| 546 | _aEng. | ||
| 650 |
_aEngineering _vElements of Electrical Power Station Design |
||
| 942 | _cBK | ||
| 999 |
_c7504 _d7504 |
||